000 00499nam a2200145Ia 4500
008 100122s9999 xx 000 0 und d
082 _b35253
_a823.08
100 _aडांगळे अर्जुन
245 _aही बांधावरची माणसं
260 _bमागोवा प्रकाशन
_c1905
300 _a102
630 _aही बांधावरची माणसं
730 _aही बांधावरची माणसं
942 _cBOOK
999 _c418534
_d418531